000 nam a22 a 4500
999 _c422824
_d422824
003 BLK
005 20210702195946.0
008 210702b bu |||||||||| 00| | bu d
040 _aBLK
041 _aFRE
_cFRE
080 _aФренска литература
_b821.133.1
_x-1
_z821.133.1-1
100 _91299
_aRonsard, Pierre de
_eпърви автор
139 _aRonsard, Pierre de
_bR 76
245 _aPoésies choisies de P. de Ronsard
_bPubliées avec notes et index ; concernant la langue et la versification de Ronsard par L. Becq de Fouquières
_cPierre de Ronsard
257 _aFRA
260 _9459296
_bLibrairie Charpentier et Fasquelle
_c1875
300 _a396 p.
_c18 cm
380 _aX
490 _9435080
_aКолекция Редки и ценни издания
852 _aРф 875
_bРц
942 _cKNG
_n0
_s1
944 _aCR
_c2021-07-02
_kВП